| 000 | 00939naa a22003017a 4500 | ||
|---|---|---|---|
| 001 | BR8800660 | ||
| 003 | BR-BrBNA | ||
| 005 | 20250721154553.0 | ||
| 007 | ta | ||
| 008 | 250630b bl.|||m| |||| 00| 0 por d | ||
| 040 |
_aBR-BrBNA _bpor _cBiblioteca Nacional de Agricultura |
||
| 041 | _a(Pt) | ||
| 072 |
_aL01 _b5217 |
||
| 090 | _aL01 BR8800660 | ||
| 100 | 1 | _aNascimento, C.N.B. do | |
| 100 | 1 | _aVeiga, J.B. da | |
| 245 | 1 | _aProva de ganho de peso em bubalinos da raca mediterranea confinados | |
| 500 | _aBoletim Tecnico Belem, PA (Brasil): 1973. p. 25-31 [4 ref.; Summaries (En, Pt)] (BR8800660-AMS) | ||
| 650 | _aNUTRICAO ANIMAL | ||
| 650 | _aCONFINAMENTO | ||
| 650 | _aCARNE | ||
| 650 | _aPRODUCAO ANIMAL | ||
| 650 | _aGANHO DE PESO | ||
| 650 | _aBUFALO | ||
| 490 |
_aBoletim Tecnico - Instituto de Pesquisa Agropecuaria do Norte (Brazil) _vno. 56 |
||
| 942 |
_cAMS _2AGRIS |
||
| 909 |
_a202506 _bLúcia _c55 _dLúcia Elande |
||
| 999 |
_c335721 _d335721 |
||